WWE Undertaker's Streak Opponents - Statistics

General Stats
  • This quiz has been taken 313 times
  • The average score is 16 of 21
Answer Stats
Hint Answer % Correct
Wrestlemania 17 (9-0) Triple H
96%
Wrestlemania 27 (19-0) Triple H
96%
Wrestlemania 28 (20-0) Triple H
96%
Wrestlemania 25 (17-0) Shawn Michaels
95%
Wrestlemania 26 (18-0) Shawn Michaels
95%
Wrestlemania 15 (7-0) Kane
91%
Wrestlemania 20 (12-0) Kane
91%
Wrestlemania 29 (21-0) CM Punk
87%
Wrestlemania 24 (16-0) Edge
84%
Wrestlemania 21 (13-0) Randy Orton
84%
Wrestlemania 23 (15-0) Batista
82%
Wrestlemania 9 (3-0) Giant Gonzalez
74%
Wrestlemania 22 (14-0) Mark Henry
74%
Wrestlemania 18 (10-0) Ric Flair
70%
Wrestlemania 7 (1-0) Jimmy Snuka
66%
Wrestlemania 13 (6-0) Sycho Sid
64%
Wrestlemania 12 (5-0) Diesel
57%
Wrestlemania 8 (2-0) Jake Roberts
57%
Wrestlemania 11 (4-0) King Kong Bundy
54%
Wrestlemania 16 (8-0) Big Boss Man
48%
Wrestlemania 19 (11-0) A Train and Big Show
23%
No matching quizzes found
Score Distribution
Percent of People with Each Score
Percentile by Number Answered
Your Score History
You have not taken this quiz